| 000 | 00469nam a2200169Ia 4500 | ||
|---|---|---|---|
| 999 |
_c6497 _d6497 |
||
| 003 | OSt | ||
| 005 | 20200114142133.0 | ||
| 008 | 190216s9999||||xx |||||||||||||| ||und|| | ||
| 040 | _coclc | ||
| 082 |
_a657.42 _bLIZ/C |
||
| 100 |
_aLizzy, E A _91047 |
||
| 245 | 0 |
_aCost Accounting / _cE A Lizzy |
|
| 260 |
_bPalaty Publications, _c2003. _aThrissur: |
||
| 300 | _a552p | ||
| 650 | _aCost Accounting | ||
| 942 |
_cBK _2ddc _h657.42 _iLIZ/C _k657.42 _mLIZ/C |
||